| 000 | 00000nam 2200000zi 4500 |
| 001 | 9.919895 |
| 003 | CaOODSP |
| 005 | 20230504141404 |
| 006 | m o d f |
| 007 | cr |n||||||||| |
| 008 | 230208t20232023onc o f000 0 fre d |
| 020 | |a9780660474861 |
| 040 | |aCaOODSP|bfre|erda|cCaOODSP |
| 043 | |an-cn--- |
| 086 | 1 |aH14-431/2023F-PDF |
| 245 | 00|aParfois, la meilleure façon de faire face aux difficultés est de demander de l’aide. |
| 264 | 1|aOttawa (Ontario) : |bSanté Canada = Health Canada, |c2023. |
| 264 | 4|c©2023 |
| 300 | |a1 ressource en ligne (1 page) |
| 336 | |atexte|btxt|2rdacontent/fre |
| 337 | |ainformatique|bc|2rdamedia/fre |
| 338 | |aressource en ligne|bcr|2rdacarrier/fre |
| 500 | |aPublié aussi en anglais sous le titre : Sometimes the best way to face challenges is to ask for help. |
| 500 | |aTitre de départ. |
| 650 | 6|aAutochtones|xSanté mentale|zCanada. |
| 710 | 1 |aCanada. |bSanté Canada, |eorganisme de publication. |
| 775 | 08|tSometimes the best way to face challenges is to ask for help.|w(CaOODSP)9.919894 |
| 856 | 40|qPDF|s95 Ko|uhttps://publications.gc.ca/collections/collection_2023/sc-hc/H14-431-2023-fra.pdf |
| 986 | |a220767 |